Catálogo

Conversaciones con Dios : (Registro nro. 61492)

Detalles MARC
000 -LEADER
fixed length control field 01146cam a2200301 i 4500
001 - CONTROL NUMBER
control field 61492
003 - CONTROL NUMBER IDENTIFIER
control field Mx-PuUPA
005 - DATE AND TIME OF LATEST TRANSACTION
control field 20250410143821.0
008 - FIXED-LENGTH DATA ELEMENTS--GENERAL INFORMATION
fixed length control field 141003s1997 mx r 000 0 spa d
020 ## - INTERNATIONAL STANDARD BOOK NUMBER
International Standard Book Number 970050204X
040 ## - CATALOGING SOURCE
Original cataloging agency Mx-PuUPA
Language of cataloging spa
Transcribing agency Mx-PuUPA
Modifying agency Mx-PuUPA
Description conventions rda
041 1# - LANGUAGE CODE
Language code of text/sound track or separate title spa
Language code of original eng
100 1# - MAIN ENTRY--PERSONAL NAME
Personal name Walsch, Neale Donald,
Relator term autor
240 10 - UNIFORM TITLE
Uniform title Conversations with God. An uncommon dialogue.
Language of a work Español
245 10 - TITLE STATEMENT
Title Conversaciones con Dios :
Remainder of title una experiencia extraordinaria /
Statement of responsibility, etc. Neale Donald Walsch ; traducción, Francisco J. Ramos
264 #1 - PRODUCTION, PUBLICATION, DISTRIBUTION, MANUFACTURE, AND COPYRIGHT NOTICE
Place of production, publication, distribution, manufacture México, D.F. :
Name of producer, publisher, distributor, manufacturer Editorial Grijalbo,
Date of production, publication, distribution, manufacture, or copyright notice ©1997
300 ## - PHYSICAL DESCRIPTION
Extent 201 páginas ;
Dimensions 23 cm
336 ## - CONTENT TYPE
Content type term texto
Fuente rdacontent
Content type code txt
337 ## - MEDIA TYPE
Media type term sin medio
Source rdamedia
Media type code n
338 ## - CARRIER TYPE
Carrier type term volume
Source rdacarrier
Carrier type code nc
650 #7 - SUBJECT ADDED ENTRY--TOPICAL TERM
Source of heading or term armarc
Topical term or geographic name entry element Dios
General subdivision Religión
650 #0 - SUBJECT ADDED ENTRY--TOPICAL TERM
Source of heading or term armarc
Topical term or geographic name entry element Revelación
General subdivision Nueva era
700 1# - ADDED ENTRY--PERSONAL NAME
Personal name Ramos, Francisco J.
Relator term traductor
9 (RLIN) 2364
765 0# - ORIGINAL LANGUAGE ENTRY
Main entry heading Walsch, Neale Donald,
Place, publisher, and date of publication Charlottesville, Virginia, Hampton Roads Publishing, 1995
Title Conversations with God. An uncommon dialogue.
942 ## - ADDED ENTRY ELEMENTS (KOHA)
Source of classification or shelving scheme Dewey Decimal Classification
Koha item type Libro
Classification part 299.93
Item part W15
Existencias
Withdrawn status Lost status Source of classification or shelving scheme Damaged status Not for loan Collection code Home library Current library Shelving location Date acquired Source of acquisition Total Checkouts Full call number Barcode Date last seen Price effective from Koha item type
    Dewey Decimal Classification     General Centro de Estudios Guadalupanos Centro de Estudios Guadalupanos Sala general 03/10/2014 Compra   299.93 W15 1997 92612 05/01/2026 10/10/2014 Libro